Capitale européenne par édifice religieux n°2 - Statistiques

Statistiques générales
  • Ce quiz a été pris 31 fois
  • Le résultat moyen est 6 sur 15
Statistiques - réponses
Par images Réponse % Correct
Cathédrale Saint-Basile-le-Bienheureux, Moscou
96%
Olympiéion, Athènes
75%
Cathédrale Saint-Louis des Invalides, Paris
57%
Cathédrale anglicane Saint-Paul, La Valette
46%
Basilique Saint-Paul-Hors-les-Murs, Rome
39%
Cathédrale Saint-Patrick, Dublin
39%
Eglise de Tous-les-Saints, Minsk
39%
Eglise Hallgrimskirkja, Reykjavik
39%
Cathédrale Alexandre Nevski, Tallinn
32%
Cathédrale Saint-Michel et Gudule, Bruxelles
32%
Mosquée de Namazgâh, Tirana
32%
Collégiale Saint-Vincent, Berne
25%
Cathédrale d'Oslo, Oslo
14%
Basilique archicathédrale Saint-Stanislas et Ladislas, Vilnius
11%
Cathédrale Sainte-Sophie, Nicosie
7%
Aucun quiz correspondant
Distribution des résultats
% des personnes avec chaque résultat
Percentile par nombre de réponses
Votre historique - résultats
Vous n’avez pas pris ce quiz